| 000 | 00476nam a2200193Ia 4500 | ||
|---|---|---|---|
| 003 | GCL | ||
| 008 | 140319s9999 xx 000 0 eng d | ||
| 040 |
_aGCL / _cGCL |
||
| 082 | 0 | 4 |
_a759 _bH M |
| 100 | 1 | _aHARTT, FREDERICK | |
| 245 | 1 | 0 |
_aMICHELANGELO BUONARRATI MICHELANGELO / _cHARTT, FREDERICK |
| 260 |
_a[S.N] : _bHARRY N. ABRAMS. |
||
| 300 | _a162 PP | ||
| 650 | 0 | 4 | _aARTS |
| 650 | 0 | 4 | _aPAINTING |
| 650 | 0 | 4 | _aPAINTERS |
| 650 | 0 | 4 | _aANGELO, MICHEL |
| 942 |
_2ddc _cBK |
||
| 999 |
_c18857 _d18857 |
||